000 01103nam a2200241Ia 4500
001 16332
003 GE_BSU
008 181216s||||||||xx |||||||||||||| ||und||
020 _a9789941107276
040 _cGE_BSU
080 _a347.426+ 35.07(479.22)
245 _aადმინისტრაციული ორგანოების მიერ ზიანის ანაზღაურება
245 _bკანონმდებლობის გამოყენების სასამართლო პრაქტიკა
245 _cკრებული შეადგინა და დაამუშავა ჯუმბერ რუსიაშვილმა
260 _aთბილისი
260 _bმერიდიანი
260 _c2013
300 _a526გვ;20სმ.
541 _h20ლ.
653 _aზიანის ანაზღაურება; ადმინისტრაციული ორგანოები საქართველოში;
653 _aსამართალი
942 _cBK
999 _c49412
_d49412